<?xml version="1.0" encoding="UTF-8"?>
<record
    xmlns:xsi="http://www.w3.org/2001/XMLSchema-instance"
    xsi:schemaLocation="http://www.loc.gov/MARC21/slim http://www.loc.gov/standards/marcxml/schema/MARC21slim.xsd"
    xmlns="http://www.loc.gov/MARC21/slim">

  <leader>00715nam a22002417a 4500</leader>
  <controlfield tag="005">20211230093535.0</controlfield>
  <controlfield tag="008">211230b           ||||| |||| 00| 0 eng d</controlfield>
  <datafield tag="020" ind1=" " ind2=" ">
    <subfield code="a">9789391679187</subfield>
  </datafield>
  <datafield tag="040" ind1=" " ind2=" ">
    <subfield code="c">AL</subfield>
  </datafield>
  <datafield tag="041" ind1=" " ind2=" ">
    <subfield code="a">eng</subfield>
  </datafield>
  <datafield tag="082" ind1=" " ind2=" ">
    <subfield code="2">23</subfield>
    <subfield code="a">657.46</subfield>
    <subfield code="b">RAVD</subfield>
  </datafield>
  <datafield tag="100" ind1=" " ind2=" ">
    <subfield code="a">Ravi M N and others</subfield>
    <subfield code="9">12090</subfield>
  </datafield>
  <datafield tag="245" ind1=" " ind2=" ">
    <subfield code="a">Direct Tax I and II</subfield>
    <subfield code="b">Income Tax A.Y 2021-22</subfield>
  </datafield>
  <datafield tag="250" ind1=" " ind2=" ">
    <subfield code="a">2nd rev ed.</subfield>
  </datafield>
  <datafield tag="260" ind1=" " ind2=" ">
    <subfield code="a">Hyderabad</subfield>
    <subfield code="b">Professional Books Publisher</subfield>
    <subfield code="c">2022</subfield>
  </datafield>
  <datafield tag="300" ind1=" " ind2=" ">
    <subfield code="a">ix,372 p.</subfield>
    <subfield code="b">PB</subfield>
    <subfield code="c">24x16 cm.</subfield>
  </datafield>
  <datafield tag="365" ind1=" " ind2=" ">
    <subfield code="a">4699</subfield>
    <subfield code="b">&#x20B9;208.00</subfield>
    <subfield code="c">&#x20B9;</subfield>
    <subfield code="d">&#x20B9;260.00</subfield>
    <subfield code="e">20%</subfield>
    <subfield code="f">25-12-2021</subfield>
  </datafield>
  <datafield tag="650" ind1=" " ind2=" ">
    <subfield code="a">Direct Tax</subfield>
    <subfield code="9">12091</subfield>
  </datafield>
  <datafield tag="700" ind1=" " ind2=" ">
    <subfield code="a">RAVI (M N)</subfield>
    <subfield code="9">12092</subfield>
  </datafield>
  <datafield tag="700" ind1=" " ind2=" ">
    <subfield code="a">BHANU PRAKASH (B.E)</subfield>
    <subfield code="9">12093</subfield>
  </datafield>
  <datafield tag="700" ind1=" " ind2=" ">
    <subfield code="a">SUMAN SHETTY (N)</subfield>
    <subfield code="9">12094</subfield>
  </datafield>
  <datafield tag="942" ind1=" " ind2=" ">
    <subfield code="2">ddc</subfield>
    <subfield code="c">BK</subfield>
  </datafield>
  <datafield tag="999" ind1=" " ind2=" ">
    <subfield code="c">221016</subfield>
    <subfield code="d">221016</subfield>
  </datafield>
  <datafield tag="952" ind1=" " ind2=" ">
    <subfield code="0">0</subfield>
    <subfield code="1">0</subfield>
    <subfield code="2">ddc</subfield>
    <subfield code="4">0</subfield>
    <subfield code="7">0</subfield>
    <subfield code="8">MAN</subfield>
    <subfield code="a">AL</subfield>
    <subfield code="b">AL</subfield>
    <subfield code="d">2021-12-30</subfield>
    <subfield code="e">Biblios Book Point</subfield>
    <subfield code="g">208.00</subfield>
    <subfield code="l">3</subfield>
    <subfield code="o">657.46 RAVD</subfield>
    <subfield code="p">075215</subfield>
    <subfield code="r">2023-10-16 00:00:00</subfield>
    <subfield code="s">2023-09-30</subfield>
    <subfield code="v">260.00</subfield>
    <subfield code="w">2021-12-30</subfield>
    <subfield code="y">BK</subfield>
  </datafield>
  <datafield tag="952" ind1=" " ind2=" ">
    <subfield code="0">0</subfield>
    <subfield code="1">0</subfield>
    <subfield code="2">ddc</subfield>
    <subfield code="4">0</subfield>
    <subfield code="7">0</subfield>
    <subfield code="8">MAN</subfield>
    <subfield code="a">AL</subfield>
    <subfield code="b">AL</subfield>
    <subfield code="d">2021-12-30</subfield>
    <subfield code="e">Biblios Book Point</subfield>
    <subfield code="g">208.00</subfield>
    <subfield code="l">4</subfield>
    <subfield code="o">657.46 RAVD</subfield>
    <subfield code="p">075216</subfield>
    <subfield code="r">2025-10-23 11:05:53</subfield>
    <subfield code="s">2025-10-17</subfield>
    <subfield code="v">260.00</subfield>
    <subfield code="w">2021-12-30</subfield>
    <subfield code="y">BK</subfield>
  </datafield>
  <datafield tag="952" ind1=" " ind2=" ">
    <subfield code="0">0</subfield>
    <subfield code="1">0</subfield>
    <subfield code="2">ddc</subfield>
    <subfield code="4">0</subfield>
    <subfield code="7">0</subfield>
    <subfield code="8">MAN</subfield>
    <subfield code="a">AL</subfield>
    <subfield code="b">AL</subfield>
    <subfield code="d">2021-12-30</subfield>
    <subfield code="e">Biblios Book Point</subfield>
    <subfield code="g">208.00</subfield>
    <subfield code="l">6</subfield>
    <subfield code="m">2</subfield>
    <subfield code="o">657.46 RAVD</subfield>
    <subfield code="p">075217</subfield>
    <subfield code="r">2026-03-24 11:16:38</subfield>
    <subfield code="s">2025-06-18</subfield>
    <subfield code="v">260.00</subfield>
    <subfield code="w">2021-12-30</subfield>
    <subfield code="y">BK</subfield>
  </datafield>
  <datafield tag="952" ind1=" " ind2=" ">
    <subfield code="0">0</subfield>
    <subfield code="1">0</subfield>
    <subfield code="2">ddc</subfield>
    <subfield code="4">0</subfield>
    <subfield code="7">0</subfield>
    <subfield code="8">MAN</subfield>
    <subfield code="a">AL</subfield>
    <subfield code="b">AL</subfield>
    <subfield code="d">2021-12-30</subfield>
    <subfield code="e">Biblios Book Point</subfield>
    <subfield code="g">208.00</subfield>
    <subfield code="l">4</subfield>
    <subfield code="o">657.46 RAVD</subfield>
    <subfield code="p">075218</subfield>
    <subfield code="r">2025-10-13 11:19:37</subfield>
    <subfield code="s">2025-10-09</subfield>
    <subfield code="v">260.00</subfield>
    <subfield code="w">2021-12-30</subfield>
    <subfield code="y">BK</subfield>
  </datafield>
</record>
